000 00805nas a2200277 4500
001 BR9701051
003 BR-BrBNA
005 20231205100009.0
007 ta
008 230509b bl.|||p| |||| 00| 00por d
040 _aBR-BrBNA
_bpor
_cBiblioteca Nacional de Agricultura
041 _a(Pt)
072 _aH10
100 1 _aPonte, J.J. da
100 1 _aCavada, B.S.
100 1 _aSilviera-Filho, J.
245 1 _aTeste com lectina no controle de Meloidogyne incognita em tomateiro
650 _aTomate
650 _aNematoide
650 _aMeloidoginose
650 _aNematicida
650 _aControle Quimico
773 0 _tFitopatologia Brasileira (Brazil)
_xISSN 0100-4158
_g(Dec 1996), v. 21(4) p. 489-491
_wBR9701051
909 _a202311
_bLúcia
_c55
_dLúcia Elande
942 _2AGRIS
_n0
_cANA
999 _c153849
_d153849